000 00880nam a22002417a 4500
999 _c9351
_d9351
003 AR-CdUCM
008 190327b ||||| |||| 00| 0 spa d
040 _aMUNICIPALIDAD PROVINCIAL DEL CUSCO
_cBIBLIOTECA MUNICIPAL DEL CUSCO
082 _a985.7 /
_bM22
110 _aProyecto Pro-Manu
_922465
245 _aEl Manu a través de la historia /
260 _aLima :
_bProyecto Pro-Manu,
_c2003.
300 _a134 páginas ;
_bmapa, fotografías, ilustraciones,
_c27 cm.
505 _aContenido: La naturaleza y su uso por el hombre -- El hombre -- Los contactos -- La reserva de Bosfera del Manu.
650 _aHistoria
_9136
650 _aManu-Madre de Dios
_925485
650 _aLa época Preincaica
_925486
650 _aBiodiversidad
_919327
700 _aLlosa Isenrich, Eleana (texto)
_925487
710 _aUnión Europea.
_925488
942 _2ddc
_cLIBROS
945 _aachl